Quiz de culture génerale - Statistiques

Statistiques générales
  • Ce quiz a été pris 248 fois
  • Le résultat moyen est 11 sur 15
Statistiques - réponses
Hint Réponse % Correct
Qui a écrit les Miserables ? Victor Hugo
98%
Qui a peint La Joconde? Léonard de Vinci
97%
Quel est le plus grande pays du monde ? Russie
96%
Quelle est la capitale de l'Australie? Canberra
91%
Quelle est la capitale de l'Egypte? Le Caire
90%
En quel année est allé le premier homme sur la lune? 1969
86%
La première femme a avoir reçu un prix Nobel ? Marie Curie
86%
Quel est le plus long fleuve du monde? Le Nil
85%
Qui a ecrit Roméo et Juliette? William Shakespeare
83%
Qui est le premier président des USA? George Washington
80%
Quel est le symbole chimique de l'or? Au
69%
premier homme qui a marche sur la lune ? Neil Amstrong
66%
Qui a inventé le téléphone? Alexander Graham Bell
52%
Qui a découvert la pénicilline? Alexander Fleming
31%
Le plus long fleuve d'amerique du sud ? L'Amazone
14%
Aucun quiz correspondant
Distribution des résultats
% des personnes avec chaque résultat
Percentile par nombre de réponses
Votre historique - résultats
Vous n’avez pas pris ce quiz